Normal view
MARC view
- موسيقى عربية
Entry Topical Term
001 - CONTROL NUMBER
- control field: 12089
003 - CONTROL NUMBER IDENTIFIER
- control field: JO-AjAnu
005 - DATE AND TIME OF LATEST TRANSACTION
- control field: 20230606072235.0
008 - FIXED-LENGTH DATA ELEMENTS
- fixed length control field: 230606|| aca||aabn | a|a d
040 ## - CATALOGING SOURCE
- Original cataloging agency: JO-AjAnu
- Transcribing agency: JO-AjAnu
150 ## - HEADING--TOPICAL TERM
- Topical term or geographic name entry element: موسيقى عربية
670 ## - SOURCE DATA FOUND
- Source citation: Work cat.: (JO-AjAnu)6229: البغدادي،صفي الدين تأليف, author 12088, كتاب الادوار